Architectural Icons of France - Statistics

General Stats
  • This quiz has been taken 31 times
  • The average score is 4 of 16
Answer Stats
Picture Answer % Correct
Eiffel Tower
87%
Palace of Versailles
81%
Arc de Triomphe
74%
Notre Dame Cathedral
55%
Louvre Museum
48%
The Centre Pompidou
32%
Sainte Chapelle
29%
Chateau de Chambord
10%
Chateau de Chenonceau
10%
Palais des Papes
10%
Palais Garnier
6%
La Madeleine
3%
Chateau des Baux
0%
Cluny Abbey
0%
Metz Cathedral
0%
Palace of Fontainebleau
0%
No matching quizzes found
Score Distribution
Percent of People with Each Score
Percentile by Number Answered
Your Score History
You have not taken this quiz